Дела о назначении пенсии вдовам профессоров Митавской гимназии Безеке, Тилинга и Кютнера и вдове берейтера гимназии Эймбке

Доступно только в Электронных читальных залах Найти на картеНа карте
RUSMARC
00004813nmc2a2200000 x 450
001320ca1a5-41d7-4643-b871-97869d518928
00520170113111139.0
100##$a20140507l18031803k l0rusy0189 ca
1010#$arus
102##$aRU
2001#$aДела о назначении пенсии вдовам профессоров Митавской гимназии Безеке, Тилинга и Кютнера и вдове берейтера гимназии Эймбке
$j12 января - 9 ноября 1803 г.
251##$cДело
300##$aДело
300##$aОриг. заголовок дела: Дело, по отношению тайного советника Муравьева, при котором прилагается прошение вдовы профессора Митавской гимназии Безеке о пожаловании ей пенсиона, просит уведомить его сколько муж ее получал жалования и о выдаче полугодичного жалования мужа ее. Тут же: о произведении пенсиона вдовам профессоров: Тилинга, Кютнера и Безеке и о выдаче вдове берейтера гимназии Эймбке половинного жалования ее мужа. 13 января 1803 г. - 27 июля 1805 г
801#0$aRU
$bРГИА
$c20140507
$gRCR
801#1$aRU
$bГлавНИВЦ
$c20140507
$2rusmarc
801#2$aRU
$bПБ им. Б.Н. Ельцина
$c20170113
$gRCR
$2rusmarc
850##$aРГИА
852##$aРГИА
$eФедеральное казенное учреждение "Российский государственный исторический архив" (РГИА)
$j33
937##$hРГИА
$d11167599
$aASBIBLIO_SCAN
462#0$10015faafd89-1df2-4e8f-a0ba-1d8a620713c6
$12001
$aДела Департамента народного просвещения по Дерптскому учебному округу за 1802-1836 гг.
$1251
$cОпись
$1852
$j56
461#0$1001a74412a3-3cc5-4d21-8f0a-dfe2fbd9e72d
$12001
$aДепартамент народного просвещения Министерства народного просвещения (1803-1917)
$1251
$cФонд
$1852
$j733
215##$a60 л.
$d36,5х26 см
371##$aДокумент не является опубликованным и широко распространяемым
105##$ay###
1222#$ad
5171#$aДело, по отношению тайного советника Муравьева, при котором прилагается прошение вдовы профессора Митавской гимназии Безеке о пожаловании ей пенсиона, просит уведомить его сколько муж ее получал жалования и о выдаче полугодичного жалования мужа ее. Тут же: о произведении пенсиона вдовам профессоров: Тилинга, Кютнера и Безеке и о выдаче вдове берейтера гимназии Эймбке половинного жалования ее мужа. 13 января 1803 г. - 27 июля 1805 г.
035##$a320ca1a5-41d7-4643-b871-97869d518928
856##$uhttp://readingroom.main.prlib.ru/item.aspx?id_node=n94228760&mode=full
Формат отображения